000 00335nam a2200121Ia 4500
008 190216s9999||||xx |||||||||||||| ||und||
100 _aKrishan Ms
245 0 _aState Bank And Other Banks Probationary Officers Examination
260 _bStream Lines Publishers Pvt Ltd
_c1985
300 _a655p
650 _aState Bank
942 _cREF
999 _c35598
_d35598